000
00249nam a2200097Ia 4500
001
711731
005
20250826162813.0
008
250824s9999 xx 000 0 und d
245
0
_a
MAİ VE SİYAH
_c
HALİT ZİYA UŞAKLIGİL
260
_b
EVEREST YAYINLARI
999
_c
711731
_d
711731